MARC

LEADER 00000nam0a2200000 4500
001 357918
005 20231102011036.0
035 |a (RuTPU)RU\TPU\retro\15186 
090 |a 357918 
100 |a 20200811d1978 km y0rusy50 ca 
101 1 |a rus  |c eng 
102 |a RU 
105 |a a z 001zy 
200 1 |a Эмиттеры с отрицательным электродным средством  |e пер. с англ.  |f Р. Л. Белл  |g пер. В. Н. Васильева 
210 |a Москва  |c Энергия  |d 1978 
215 |a 190 с.  |c ил. 
320 |a Библиогр.: с. 171-188 
606 1 |a Эмиттеры  |2 stltpush  |3 (RuTPU)RU\TPU\subj\21174  |9 46205 
610 1 |a электронное сродство 
610 1 |a твердые тела 
610 1 |a электронные свойства 
610 1 |a электроны 
610 1 |a диффузия 
610 1 |a вакуумный уровень 
610 1 |a эмиссионные материалы 
610 1 |a технология 
610 1 |a фотоэмиссия 
610 1 |a холодные катоды 
675 |a 621.385.03  |v 4 
700 1 |a Белл  |b Р. Л. 
702 1 |a Васильев  |b В. Н.  |4 730 
801 1 |a RU  |b 63413507  |c 20200811 
801 2 |a RU  |b 63413507  |c 20210219  |g RCR 
942 |c BK